| 000 | 00514nam a22001937a 4500 | ||
|---|---|---|---|
| 003 | MPLRDC | ||
| 005 | 20220104155009.0 | ||
| 008 | 210129b ||||| |||| 00| 0 eng d | ||
| 020 | _a7-5322-3941-1 | ||
| 082 | _a859.6 GWJG v.14 | ||
| 100 | _aGILBERT DELAHAYE | ||
| 245 |
_a调皮的小山羊 _c梅思繁译 |
||
| 250 | _a一版一刷 | ||
| 260 |
_a中国 _b上海人民美术出版社 _c2004 |
||
| 300 | _b平 | ||
| 490 | _a给我讲故事系列; 14 | ||
| 650 | _a儿童故事 | ||
| 942 |
_cBK _o859.6 GWJG v.14 |
||
| 999 |
_c54262 _d54252 |
||